Per aver visto un uomo piangere e soffrire Dio si trasformò in musica e poesia (Lp 6323 010) (Record n. 99607)

Dettagli MARC
000 -LEADER
fixed length control field 02887njm a2200457Ia 4500
001 - CONTROL NUMBER
control field 21052
003 - CONTROL NUMBER IDENTIFIER
control field IT-RoPAU
005 - DATE AND TIME OF LATEST TRANSACTION
control field 20220918181119.0
008 - FIXED-LENGTH DATA ELEMENTS--GENERAL INFORMATION
fixed length control field 131025s9999 xx 000 0 und d
040 ## - CATALOGING SOURCE
Original cataloging agency IT-RoPAU
040 ## - CATALOGING SOURCE
Transcribing agency IT-RoPAU
041 ## - LANGUAGE CODE
Language code of text/sound track or separate title ITALIANO
999 ## - SYSTEM CONTROL NUMBERS (KOHA)
Koha Dewey Subclass [OBSOLETE] n.d.
100 ## - MAIN ENTRY--PERSONAL NAME
Personal name AA.VV.
9 (RLIN) 794
100 ## - MAIN ENTRY--PERSONAL NAME
Relator term Autore musica
9 (RLIN) 4623
100 ## - MAIN ENTRY--PERSONAL NAME
Miscellaneous information Codice autore musica SPICS: 12000
9 (RLIN) 796
245 ## - TITLE STATEMENT
Title Per aver visto un uomo piangere e soffrire Dio si trasformò in musica e poesia (Lp 6323 010)
250 ## - EDITION STATEMENT
Edition statement 1a ed.
260 ## - PUBLICATION, DISTRIBUTION, ETC. (IMPRINT)
Place of publication, distribution, etc. ITALIA
260 ## - PUBLICATION, DISTRIBUTION, ETC. (IMPRINT)
Name of publisher, distributor, etc. PHILIPS
Date of publication, distribution, etc. 1971 [1a Ed.:1971 - Ed. Lingua Orig.: 1971]
300 ## - PHYSICAL DESCRIPTION
Extent DISCO
300 ## - PHYSICAL DESCRIPTION
Dimensions 41 minuti (Testo: pag.)
500 ## - GENERAL NOTE
General note Musica leggera. Canzone italiana.
505 ## - FORMATTED CONTENTS NOTE
Formatted contents note Preghiera (4:00) - Un uomo una donna una bambina (4:00) - Un volto bianco sulla neve (4:00) - T. L. & R. [(Thunder, Lightning and Rain) (5:00)] - Follow the Lamb (4:00) - Morire... dormire... forse sognare (5:00) - Lanterne antiche (3:00) - Poema degli occhi (3:00) - Storia di una donna che ha amato due volte un uomo che non sapeva amare (9:00)
511 ## - PARTICIPANT OR PERFORMER NOTE
Participant or performer note Pravo Patty
650 ## - SUBJECT ADDED ENTRY--TOPICAL TERM
Topical term or geographic name as entry element CANZONE [DISCHI]
Relator term Codice MATERIA SPICS: 9950
9 (RLIN) 920
700 ## - ADDED ENTRY--PERSONAL NAME
Personal name Bardotti Sergio
Miscellaneous information Codice autore musica SPICS: 13862
Relator term Autore musica
Name of part/section of a work Preghiera - Un uomo una donna una bambina - Morire... dormire... forse sognare - Poema degli occhi
9 (RLIN) 4624
700 ## - ADDED ENTRY--PERSONAL NAME
Personal name Trim
Miscellaneous information Codice autore SPICS: 24602
Relator term Autore
Name of part/section of a work Preghiera
9 (RLIN) 4625
700 ## - ADDED ENTRY--PERSONAL NAME
Personal name Vitalis A.
Miscellaneous information Codice autore testo/musica SPICS: 24652
Relator term Autore testo/musica
Name of part/section of a work Preghiera - Un uomo una donna una bambina - Un volto bianco sulla neve
9 (RLIN) 4626
700 ## - ADDED ENTRY--PERSONAL NAME
Personal name Pallavicini Vito
Miscellaneous information Codice autore musica SPICS: 13656
Relator term Autore musica
Name of part/section of a work Un uomo una donna una bambina - Un volto bianco sulla neve - Lanterne antiche - Storia di una donna che ha amato due volte un uomo che non sapeva amare
9 (RLIN) 4627
700 ## - ADDED ENTRY--PERSONAL NAME
Personal name Croisille
Miscellaneous information Codice autore SPICS: 24603
Relator term Autore
Name of part/section of a work Un volto bianco sulla neve
9 (RLIN) 4628
700 ## - ADDED ENTRY--PERSONAL NAME
Personal name Shapiro David Shel
Miscellaneous information Codice autore musica SPICS: 24542
Relator term Autore musica
Name of part/section of a work T. L. & R. (Thunder, Lightning and Rain) - Storia di una donna che ha amato due volte un uomo che non sapeva amare
9 (RLIN) 4629
700 ## - ADDED ENTRY--PERSONAL NAME
Personal name Styne Jules
Miscellaneous information Codice autore musica SPICS: 11167
Relator term Autore musica
Name of part/section of a work Follow the Lamb
9 (RLIN) 4630
700 ## - ADDED ENTRY--PERSONAL NAME
Personal name Cahan S.
Miscellaneous information Codice autore SPICS: 24604
Relator term Autore
Name of part/section of a work Follow the Lamb
9 (RLIN) 4631
700 ## - ADDED ENTRY--PERSONAL NAME
Personal name Bacalov Enriquez L.
Miscellaneous information Codice autore SPICS: 24605
Relator term Autore
Name of part/section of a work Morire... dormire... forse sognare
9 (RLIN) 4632
700 ## - ADDED ENTRY--PERSONAL NAME
Personal name Stewart
Miscellaneous information Codice autore SPICS: 24606
Relator term Autore
Name of part/section of a work Lanterne antiche
9 (RLIN) 4633
700 ## - ADDED ENTRY--PERSONAL NAME
Personal name Ashdown
Miscellaneous information Codice autore testo/musica SPICS: 24653
Relator term Autore testo/musica
Name of part/section of a work Lanterne antiche
9 (RLIN) 4634
700 ## - ADDED ENTRY--PERSONAL NAME
Personal name De Moraes Vinicius
Miscellaneous information Codice autore SPICS: 8011
Relator term Autore
Name of part/section of a work Poema degli occhi
9 (RLIN) 4635
700 ## - ADDED ENTRY--PERSONAL NAME
Personal name Soledade P.
Miscellaneous information Codice autore testo/musica SPICS: 24654
Relator term Autore testo/musica
Name of part/section of a work Poema degli occhi
9 (RLIN) 4636
942 ## - ADDED ENTRY ELEMENTS (KOHA)
Koha item type DISCHI
Source of classification or shelving scheme Dewey Decimal Classification
Dati di copia
Withdrawn status Lost status Damaged status Not for loan Home library Current library Date acquired Total Checkouts Full call number Date last seen Price effective from Koha item type Public note
    Buone Condizioni Not For Loan SPICS-MEDIATECA SPICS-MEDIATECA 25/10/2013   21052 25/10/2013 25/10/2013 DISCHI Progr. Ins.: 4354 / N.Vol.: 1 / Copie: 1 - Copia rara: n.d. / date import: 01.01.2014 - By Epidotti, Trombetti, Vaglietti
CREDITS: SOCIETA' SAN PAOLO Via A.Severo, 58 - ROMA (RM) & PERIODICI SAN PAOLO SRL Via Giotto, 36 MILANO & CISF Via Giotto, 36 MILANO & EDIZIONI SAN PAOLO SRL,  Piazza Soncino, 5 CINISELLO BALSAMO (MI) -- ITALY